| 000 | 00761nam a2200217Ia 4500 | ||
|---|---|---|---|
| 003 | GCL | ||
| 005 | 20240530104240.0 | ||
| 008 | 140319s9999 xx 000 0 ara d | ||
| 040 |
_aGCL / _cGCL |
||
| 082 | 0 | 4 |
_a953.07 _bا د |
| 100 | 1 | _aابراهيم بيضون | |
| 245 | 1 | 0 |
_aالدوله العربيه فى اسبانيه : _bمن الفتح حتى سقوط الخلافة 92 - 422 هـ 711 - 1031 م / _cابراهيم بيضون |
| 250 | _aط3 | ||
| 260 |
_aالقاهرة : _bدار النهضة العربية للطباعة والنشر ، _c1986 |
||
| 300 |
_a455 ص ؛ _c24 سم |
||
| 650 | 0 | 4 | _aالاسلام |
| 650 | 0 | 4 | _aالفتوحات الاسلامية |
| 650 | 0 | 4 | _aاسبانيا |
| 650 | 0 | 4 | _aالفتوحات |
| 942 |
_2ddc _cBK |
||
| 999 |
_c45851 _d45851 |
||